[Event "World Youth & Cadets Blitz Championships"]
[Site "Rhodes, Greece"]
[Date "2022.05.03"]
[Round "8.18"]
[White "Niezhentsev, Kyrylo"]
[Black "Shevchenko, Yaroslav"]
[Result "1-0"]
[TimeControl "5'/game & 2\"/move"]
[WhiteElo "2060"]
[BlackElo "1600"]

1. e4 {[%clk 00:05:03]} c5 {[%clk 00:05:03]} {[%emt 00:00:01]} 2. Nf3 {[%clk
00:05:04]} {[%emt 00:00:02]} e6 {[%clk 00:05:04]} 3. g3 {[%clk 00:05:05]}
{[%emt 00:00:02]} Nc6 {[%clk 00:05:03]} 4. Bg2 {[%clk 00:05:06]} {[%emt
00:00:04]} d5 {[%clk 00:05:04]} 5. exd5 {[%clk 00:05:03]} {[%emt 00:00:07]}
exd5 {[%clk 00:05:05]} 6. O-O {[%clk 00:05:02]} {[%emt 00:00:03]} Be7 {[%clk
00:05:02]} 7. d4 {[%clk 00:05:02]} Bg4 {[%clk 00:04:58]} 8. dxc5 {[%clk
00:04:45]} Nf6 {[%clk 00:04:58]} 9. h3 {[%clk 00:04:45]} {[%emt 00:00:10]} Bh5
{[%clk 00:04:46]} 10. g4 {[%clk 00:04:38]} {[%emt 00:00:22]} Bg6 {[%clk
00:04:33]} {[%emt 00:00:09]} 11. Be3 Ne4 {[%emt 00:00:20]} 12. Nd4 {[%clk
00:04:20]} {[%emt 00:00:10]} Nxc5 {[%emt 00:00:25]} 13. Nxc6 {[%clk 00:03:43]}
{[%emt 00:00:32]} bxc6 {[%clk 00:04:16]} 14. Bxc5 {[%clk 00:02:47]} {[%emt
00:01:01]} Bxc5 {[%clk 00:04:12]} 15. Re1+ {[%clk 00:02:47]} {[%emt 00:00:07]}
Be7 {[%clk 00:04:11]} 16. Qe2 {[%clk 00:02:43]} {[%emt 00:00:10]} Rb8 {[%clk
00:02:59]} {[%emt 00:00:44]} 17. c4 {[%clk 00:02:24]} Rc8 {[%clk 00:02:59]} 18.
cxd5 {[%clk 00:02:24]} {[%emt 00:00:56]} cxd5 {[%clk 00:02:58]} 19. Nc3 {[%clk
00:02:24]} {[%emt 00:00:04]} d4 {[%clk 00:02:45]} 20. Nd5 {[%clk 00:02:18]}
{[%emt 00:01:28]} 1-0

[Event "World Youth & Cadets Blitz Championships"]
[Site "Rhodes, Greece"]
[Date "2022.05.03"]
[Round "8.19"]
[White "Karvatskyi, Oleksii"]
[Black "Sisupalan, Beni"]
[Result "1-0"]
[TimeControl "5'/game & 2\"/move"]
[WhiteElo "1902"]
[BlackElo "1576"]

1. e4 {[%clk 00:05:02]} {[%emt 00:00:02]} e5 {[%clk 00:05:04]} 2. Nf3 {[%clk
00:05:03]} {[%emt 00:00:02]} Nc6 {[%clk 00:05:05]} 3. d4 {[%clk 00:05:04]} exd4
{[%clk 00:05:05]} {[%emt 00:00:01]} 4. Nxd4 {[%clk 00:05:05]} {[%emt 00:00:01]}
Bc5 {[%clk 00:05:07]} {[%emt 00:00:01]} 5. Nb3 {[%clk 00:05:06]} {[%emt
00:00:01]} Bb6 {[%clk 00:05:07]} 6. Nc3 {[%clk 00:05:07]} {[%emt 00:00:01]} Nf6
{[%clk 00:05:08]} {[%emt 00:00:01]} 7. Qe2 {[%clk 00:05:07]} {[%emt 00:00:02]}
O-O {[%clk 00:05:06]} {[%emt 00:00:04]} 8. Be3 {[%clk 00:05:07]} {[%emt
00:00:01]} Re8 {[%clk 00:05:06]} {[%emt 00:00:03]} 9. f3 {[%clk 00:05:08]} d5
{[%clk 00:05:06]} {[%emt 00:00:02]} 10. O-O-O {[%clk 00:04:40]} {[%emt
00:00:30]} Bxe3+ {[%clk 00:04:34]} {[%emt 00:00:35]} 11. Qxe3 {[%clk 00:04:40]}
{[%emt 00:00:01]} Qd6 {[%clk 00:04:08]} {[%emt 00:00:28]} 12. Qg5 {[%clk
00:03:56]} {[%emt 00:00:46]} h6 {[%clk 00:03:49]} {[%emt 00:00:20]} 13. Qh4
{[%clk 00:03:55]} {[%emt 00:00:04]} Be6 {[%clk 00:03:21]} {[%emt 00:00:30]} 14.
exd5 {[%clk 00:03:15]} {[%emt 00:00:42]} Nxd5 {[%clk 00:02:33]} {[%emt
00:00:50]} 15. Nxd5 {[%clk 00:03:09]} {[%emt 00:00:07]} Bxd5 {[%clk 00:02:25]}
{[%emt 00:00:11]} 16. c4 {[%clk 00:02:49]} {[%emt 00:00:22]} Nb4 {[%clk
00:02:09]} {[%emt 00:00:18]} 17. cxd5 {[%clk 00:02:42]} {[%emt 00:00:09]} Qg6
{[%clk 00:01:38]} {[%emt 00:00:33]} 18. Qxb4 {[%clk 00:02:39]} {[%emt
00:00:05]} c6 {[%clk 00:01:19]} {[%emt 00:00:21]} 19. d6 {[%clk 00:02:40]}
{[%emt 00:00:01]} Rad8 {[%clk 00:01:17]} {[%emt 00:00:05]} 20. Bd3 {[%clk
00:02:34]} {[%emt 00:00:07]} Qg5+ {[%clk 00:01:13]} {[%emt 00:00:06]} 21. Kb1
{[%clk 00:02:31]} {[%emt 00:00:05]} Re6 {[%clk 00:00:55]} {[%emt 00:00:19]} 22.
Rhe1 {[%clk 00:02:17]} {[%emt 00:00:16]} Rf6 {[%clk 00:00:41]} {[%emt
00:00:17]} 23. Qd2 {[%clk 00:02:01]} {[%emt 00:00:18]} Qh5 {[%clk 00:00:27]}
{[%emt 00:00:16]} 24. Qe3 {[%clk 00:01:54]} {[%emt 00:00:08]} g6 {[%clk
00:00:22]} {[%emt 00:00:07]} 25. Qe5 {[%clk 00:01:49]} {[%emt 00:00:07]} Qxe5
{[%clk 00:00:09]} {[%emt 00:00:16]} 26. Rxe5 {[%clk 00:01:48]} {[%emt
00:00:02]} Rfxd6 {[%clk 00:00:10]} 27. Kc2 {[%clk 00:01:47]} {[%emt 00:00:04]}
b5 {[%clk 00:00:11]} {[%emt 00:00:02]} 28. Nc5 {[%clk 00:01:47]} {[%emt
00:00:02]} Rd5 {[%clk 00:00:11]} {[%emt 00:00:02]} 29. Rxd5 {[%clk 00:01:47]}
{[%emt 00:00:02]} Rxd5 {[%clk 00:00:13]} {[%emt 00:00:01]} 30. b4 {[%clk
00:01:47]} {[%emt 00:00:01]} a5 {[%clk 00:00:13]} {[%emt 00:00:02]} 31. a3
{[%clk 00:01:48]} Rd4 {[%clk 00:00:11]} {[%emt 00:00:04]} 32. Kc3 {[%clk
00:01:48]} {[%emt 00:00:01]} Rd5 {[%clk 00:00:12]} {[%emt 00:00:03]} 33. Re1
{[%clk 00:01:47]} {[%emt 00:00:02]} Kg7 {[%clk 00:00:12]} {[%emt 00:00:02]} 34.
Be4 {[%clk 00:01:46]} {[%emt 00:00:03]} axb4+ {[%clk 00:00:11]} {[%emt
00:00:03]} 35. axb4 {[%clk 00:01:45]} {[%emt 00:00:02]} Re5 {[%clk 00:00:12]}
{[%emt 00:00:02]} 36. f4 {[%clk 00:01:40]} {[%emt 00:00:07]} Re7 {[%clk
00:00:10]} {[%emt 00:00:03]} 37. Rd1 {[%clk 00:01:39]} {[%emt 00:00:04]} f5
{[%clk 00:00:06]} {[%emt 00:00:06]} 38. Bf3 {[%clk 00:01:40]} Re3+ {[%clk
00:00:07]} {[%emt 00:00:01]} 39. Rd3 {[%clk 00:01:41]} Re1 {[%clk 00:00:07]}
{[%emt 00:00:02]} 40. Bxc6 {[%clk 00:01:40]} {[%emt 00:00:04]} Rc1+ {[%clk
00:00:08]} 41. Kb2 {[%clk 00:01:40]} {[%emt 00:00:02]} Rc4 {[%clk 00:00:08]}
{[%emt 00:00:01]} 42. Rd7+ {[%clk 00:01:41]} {[%emt 00:00:02]} Kf8 {[%clk
00:00:09]} {[%emt 00:00:01]} 43. Ne6+ {[%clk 00:01:37]} {[%emt 00:00:07]} Kg8
{[%clk 00:00:09]} {[%emt 00:00:01]} 44. Bd5 {[%clk 00:01:33]} {[%emt 00:00:05]}
Rxb4+ {[%clk 00:00:10]} {[%emt 00:00:02]} 45. Kc3 {[%clk 00:01:33]} {[%emt
00:00:03]} Rc4+ {[%clk 00:00:10]} {[%emt 00:00:01]} 46. Bxc4 {[%clk 00:01:33]}
{[%emt 00:00:02]} bxc4 {[%clk 00:00:11]} {[%emt 00:00:04]} 47. Kxc4 {[%clk
00:01:34]} {[%emt 00:00:02]} g5 {[%clk 00:00:12]} 48. fxg5 {[%clk 00:01:35]}
{[%emt 00:00:01]} hxg5 {[%clk 00:00:13]} {[%emt 00:00:01]} 49. Nxg5 {[%clk
00:01:36]} {[%emt 00:00:02]} f4 {[%clk 00:00:14]} 50. Kd5 {[%clk 00:01:34]}
{[%emt 00:00:03]} f3 {[%clk 00:00:15]} 51. gxf3 {[%clk 00:01:33]} {[%emt
00:00:02]} Kf8 {[%clk 00:00:17]} 52. Ne4 {[%clk 00:01:33]} {[%emt 00:00:02]}
Ke8 {[%clk 00:00:18]} 53. Ke6 {[%clk 00:01:33]} {[%emt 00:00:02]} Kf8 {[%clk
00:00:20]} 54. Kf6 {[%clk 00:01:34]} {[%emt 00:00:02]} Ke8 {[%clk 00:00:21]} 55.
Rd6 {[%clk 00:01:35]} Kf8 {[%clk 00:00:21]} {[%emt 00:00:02]} 56. Rd8# {[%clk
00:01:37]} 1-0

[Event "World Youth & Cadets Blitz Championships"]
[Site "Rhodes, Greece"]
[Date "2022.05.03"]
[Round "8.20"]
[White "Celik, Ali Alper"]
[Black "Mompel Ferruz, Xavier"]
[Result "0-1"]
[TimeControl "5'/game & 2\"/move"]
[WhiteElo "1213"]
[BlackElo "1560"]

1. d4 {[%clk 00:05:01]} {[%emt 00:00:03]} d5 {[%clk 00:05:03]} {[%emt
00:00:01]} 2. g3 {[%clk 00:05:02]} Nf6 {[%clk 00:05:04]} {[%emt 00:00:02]} 3.
Bg2 {[%clk 00:05:03]} Bf5 {[%clk 00:05:03]} {[%emt 00:00:02]} 4. Nf3 {[%clk
00:05:04]} {[%emt 00:00:02]} e6 {[%clk 00:05:04]} {[%emt 00:00:01]} 5. O-O
{[%clk 00:05:04]} {[%emt 00:00:02]} h6 {[%clk 00:05:05]} {[%emt 00:00:01]} 6.
c4 {[%clk 00:05:05]} {[%emt 00:00:02]} c6 {[%clk 00:05:05]} 7. Nc3 {[%clk
00:05:06]} {[%emt 00:00:01]} Bd6 {[%clk 00:04:54]} {[%emt 00:00:13]} 8. Nd2
{[%clk 00:05:05]} {[%emt 00:00:03]} Nbd7 {[%clk 00:04:33]} {[%emt 00:00:23]} 9.
e4 {[%clk 00:05:05]} {[%emt 00:00:01]} dxe4 {[%clk 00:04:34]} {[%emt 00:00:02]}
10. Ndxe4 {[%clk 00:05:05]} {[%emt 00:00:02]} Be7 {[%clk 00:04:27]} {[%emt
00:00:09]} 11. Re1 {[%clk 00:05:01]} {[%emt 00:00:06]} O-O {[%clk 00:04:25]}
{[%emt 00:00:04]} 12. Bf4 {[%clk 00:05:01]} {[%emt 00:00:02]} Nxe4 {[%clk
00:04:19]} {[%emt 00:00:07]} 13. Nxe4 {[%clk 00:05:02]} {[%emt 00:00:02]} Nf6
{[%clk 00:04:17]} {[%emt 00:00:04]} 14. Qd2 {[%clk 00:05:01]} {[%emt 00:00:03]}
Nxe4 {[%clk 00:04:10]} {[%emt 00:00:10]} 15. Bxe4 {[%clk 00:05:01]} {[%emt
00:00:02]} Bxe4 {[%clk 00:04:07]} {[%emt 00:00:04]} 16. Rxe4 {[%clk 00:05:02]}
Bf6 {[%clk 00:04:01]} {[%emt 00:00:08]} 17. Bxh6 {[%clk 00:04:57]} {[%emt
00:00:06]} gxh6 {[%clk 00:04:02]} {[%emt 00:00:02]} 18. Qxh6 {[%clk 00:04:54]}
{[%emt 00:00:05]} Bg7 {[%clk 00:04:02]} {[%emt 00:00:02]} 19. Rg4 {[%clk
00:04:54]} {[%emt 00:00:02]} Qxd4 {[%clk 00:04:00]} {[%emt 00:00:05]} 20. Qg5
{[%clk 00:04:38]} {[%emt 00:00:17]} Qxb2 {[%clk 00:03:32]} {[%emt 00:00:31]} 21.
Re1 {[%clk 00:04:27]} {[%emt 00:00:12]} f5 {[%clk 00:03:02]} {[%emt 00:00:32]}
22. Rh4 {[%clk 00:04:03]} {[%emt 00:00:26]} Qf6 {[%clk 00:02:51]} {[%emt
00:00:13]} 23. Qh5 {[%clk 00:04:04]} Rad8 {[%clk 00:02:19]} {[%emt 00:00:34]}
24. Kg2 {[%clk 00:03:35]} {[%emt 00:00:30]} Rd4 {[%emt 00:01:14]} 25. Rxd4
{[%clk 00:02:49]} {[%emt 00:00:07]} Qxd4 {[%clk 00:01:48]} {[%emt 00:00:03]} 26.
Rxe6 {[%clk 00:02:51]} {[%emt 00:00:01]} Qxc4 {[%clk 00:01:43]} {[%emt
00:00:07]} 27. Re7 {[%clk 00:02:50]} {[%emt 00:00:02]} Qg4 {[%clk 00:00:58]}
{[%emt 00:00:47]} 28. Qxg4 {[%clk 00:02:31]} {[%emt 00:00:21]} fxg4 {[%clk
00:00:59]} {[%emt 00:00:02]} 29. Rxb7 {[%clk 00:02:32]} {[%emt 00:00:01]} Bd4
{[%emt 00:00:51]} 30. Kh1 {[%clk 00:01:43]} {[%emt 00:00:01]} Rxf2 {[%clk
00:00:56]} {[%emt 00:00:05]} 31. Rb1 {[%clk 00:01:43]} {[%emt 00:00:02]} Rxa2
{[%clk 00:00:53]} {[%emt 00:00:06]} 32. h4 {[%clk 00:01:42]} {[%emt 00:00:02]}
gxh3 {[%clk 00:00:37]} {[%emt 00:00:18]} 33. g4 {[%clk 00:01:41]} {[%emt
00:00:03]} Rg2 {[%clk 00:00:36]} {[%emt 00:00:03]} 34. g5 {[%clk 00:01:36]}
{[%emt 00:00:07]} Rg1+ {[%clk 00:00:31]} {[%emt 00:00:07]} 35. Rxg1 {[%clk
00:01:30]} {[%emt 00:00:08]} Bxg1 {[%clk 00:00:32]} {[%emt 00:00:02]} 36. Kxg1
{[%clk 00:01:30]} {[%emt 00:00:01]} Kg7 {[%clk 00:00:33]} 37. Kh2 {[%clk
00:01:31]} {[%emt 00:00:01]} Kg6 {[%clk 00:00:34]} 38. Kxh3 {[%clk 00:01:32]}
Kxg5 {[%clk 00:00:35]} {[%emt 00:00:01]} 39. Kg3 {[%clk 00:01:34]} Kf5 {[%clk
00:00:35]} {[%emt 00:00:01]} 40. Kf3 {[%clk 00:01:35]} Ke5 {[%clk 00:00:36]} 41.
Ke3 {[%clk 00:01:36]} {[%emt 00:00:01]} Kd5 {[%clk 00:00:38]} 42. Kd3 {[%clk
00:01:38]} a5 {[%clk 00:00:39]} 43. Kc3 {[%clk 00:01:39]} {[%emt 00:00:01]} Kc5
{[%clk 00:00:39]} 44. Kb3 {[%clk 00:01:40]} Kd4 {[%clk 00:00:36]} {[%emt
00:00:05]} 45. Kc2 {[%clk 00:01:36]} {[%emt 00:00:06]} a4 {[%clk 00:00:36]}
{[%emt 00:00:02]} 46. Kb2 {[%clk 00:01:35]} {[%emt 00:00:03]} c5 {[%clk
00:00:37]} {[%emt 00:00:01]} 47. Ka2 {[%clk 00:01:28]} {[%emt 00:00:10]} c4
{[%clk 00:00:37]} {[%emt 00:00:01]} 48. Kb2 {[%clk 00:01:29]} Kd3 {[%clk
00:00:37]} {[%emt 00:00:02]} 49. Ka2 {[%clk 00:01:31]} c3 {[%clk 00:00:38]}
{[%emt 00:00:02]} 50. Kb1 {[%clk 00:01:31]} {[%emt 00:00:02]} c2+ {[%clk
00:00:36]} {[%emt 00:00:03]} 51. Ka2 {[%clk 00:01:32]} c1=R {[%clk 00:00:30]}
{[%emt 00:00:09]} 52. Kb2 {[%clk 00:01:32]} {[%emt 00:00:02]} Rc8 {[%clk
00:00:30]} {[%emt 00:00:01]} 53. Ka3 {[%clk 00:01:34]} {[%emt 00:00:01]} Kc3
{[%clk 00:00:30]} {[%emt 00:00:02]} 54. Ka2 {[%clk 00:01:34]} {[%emt 00:00:02]}
a3 {[%clk 00:00:29]} {[%emt 00:00:02]} 55. Ka1 {[%clk 00:01:29]} {[%emt
00:00:07]} Kb3 {[%clk 00:00:28]} {[%emt 00:00:03]} 0-1

[Event "World Youth & Cadets Blitz Championships"]
[Site "Rhodes, Greece"]
[Date "2022.05.03"]
[Round "8.21"]
[White "Negrean, Andrei"]
[Black "Gabadadze, Gabriel"]
[Result "1-0"]
[TimeControl "5'/game & 2\"/move"]
[WhiteElo "1862"]
[BlackElo "1254"]

1. d4 {[%clk 00:05:03]} Nf6 {[%clk 00:05:03]} {[%emt 00:00:02]} 2. Nf3 {[%clk
00:05:04]} e6 {[%clk 00:05:05]} {[%emt 00:00:01]} 3. g3 {[%clk 00:05:04]}
{[%emt 00:00:02]} c5 {[%clk 00:05:06]} 4. Bg2 {[%clk 00:05:06]} cxd4 {[%clk
00:05:06]} {[%emt 00:00:02]} 5. O-O {[%clk 00:05:07]} d5 {[%clk 00:05:07]}
{[%emt 00:00:01]} 6. Nxd4 {[%clk 00:05:08]} e5 {[%clk 00:05:08]} 7. Nb3 {[%clk
00:05:09]} Nc6 {[%clk 00:05:06]} {[%emt 00:00:05]} 8. Bg5 {[%clk 00:05:03]}
{[%emt 00:00:07]} Be6 {[%clk 00:04:59]} {[%emt 00:00:09]} 9. Nc3 {[%clk
00:05:03]} {[%emt 00:00:02]} d4 {[%clk 00:04:58]} {[%emt 00:00:04]} 10. Ne4
{[%clk 00:05:04]} Be7 {[%clk 00:04:56]} {[%emt 00:00:04]} 11. Nec5 {[%clk
00:05:04]} {[%emt 00:00:01]} Bxc5 {[%clk 00:04:28]} {[%emt 00:00:30]} 12. Nxc5
{[%clk 00:05:05]} {[%emt 00:00:01]} Qc8 {[%clk 00:04:28]} {[%emt 00:00:02]} 13.
Bxf6 {[%clk 00:05:03]} {[%emt 00:00:04]} gxf6 {[%clk 00:04:29]} {[%emt
00:00:02]} 14. c3 {[%clk 00:04:36]} {[%emt 00:00:29]} dxc3 {[%clk 00:03:44]}
{[%emt 00:00:47]} 15. bxc3 {[%clk 00:04:32]} {[%emt 00:00:06]} O-O {[%clk
00:03:14]} {[%emt 00:00:31]} 16. Qc1 {[%clk 00:03:40]} {[%emt 00:00:55]} Kg7
{[%clk 00:03:06]} {[%emt 00:00:10]} 17. Rb1 {[%clk 00:02:37]} {[%emt 00:01:05]}
b6 {[%clk 00:02:48]} {[%emt 00:00:20]} 18. Nxe6+ {[%clk 00:02:35]} {[%emt
00:00:04]} Qxe6 {[%clk 00:02:43]} {[%emt 00:00:07]} 19. Qe3 {[%clk 00:02:27]}
{[%emt 00:00:10]} Rac8 {[%clk 00:02:35]} {[%emt 00:00:11]} 20. a4 {[%clk
00:02:06]} {[%emt 00:00:23]} Na5 {[%clk 00:02:15]} {[%emt 00:00:21]} 21. Rb4
{[%clk 00:02:00]} {[%emt 00:00:09]} Nc4 {[%clk 00:02:03]} {[%emt 00:00:14]} 22.
Qd3 {[%clk 00:01:44]} {[%emt 00:00:17]} Rfd8 {[%clk 00:01:48]} {[%emt
00:00:17]} 23. Qc2 {[%clk 00:01:27]} {[%emt 00:00:19]} Rd2 {[%clk 00:01:34]}
{[%emt 00:00:17]} 24. Qc1 {[%clk 00:01:16]} {[%emt 00:00:14]} Rxe2 {[%clk
00:01:19]} {[%emt 00:00:16]} 25. Bf3 {[%clk 00:01:11]} {[%emt 00:00:07]} Ra2
{[%clk 00:01:11]} {[%emt 00:00:11]} 26. Rd1 {[%clk 00:00:54]} {[%emt 00:00:19]}
Qf5 {[%clk 00:01:03]} {[%emt 00:00:09]} 27. Qb1 {[%clk 00:00:40]} {[%emt
00:00:16]} Qxb1 {[%clk 00:00:59]} {[%emt 00:00:06]} 28. Rdxb1 {[%clk 00:00:40]}
{[%emt 00:00:02]} Nd2 {[%clk 00:00:53]} {[%emt 00:00:08]} 29. Bd5 {[%clk
00:00:29]} {[%emt 00:00:13]} Nxb1 {[%clk 00:00:43]} {[%emt 00:00:12]} 30. Bxa2
{[%clk 00:00:30]} {[%emt 00:00:01]} Nxc3 {[%clk 00:00:43]} {[%emt 00:00:03]} 31.
Bb3 {[%clk 00:00:28]} {[%emt 00:00:04]} Ne2+ {[%clk 00:00:43]} {[%emt
00:00:02]} 32. Kg2 {[%clk 00:00:25]} {[%emt 00:00:05]} Nd4 {[%clk 00:00:43]}
{[%emt 00:00:01]} 33. Bd5 {[%clk 00:00:23]} {[%emt 00:00:04]} Rc5 {[%clk
00:00:43]} {[%emt 00:00:02]} 34. Bb7 {[%clk 00:00:18]} {[%emt 00:00:06]} Rc7
{[%clk 00:00:42]} {[%emt 00:00:05]} 35. Bd5 {[%clk 00:00:18]} {[%emt 00:00:02]}
f5 {[%clk 00:00:35]} {[%emt 00:00:09]} 36. f4 {[%clk 00:00:15]} {[%emt
00:00:04]} Nc2 {[%clk 00:00:34]} {[%emt 00:00:04]} 37. Rb2 {[%clk 00:00:08]}
{[%emt 00:00:06]} Ne3+ {[%clk 00:00:34]} {[%emt 00:00:04]} 38. Kf3 {[%clk
00:00:05]} {[%emt 00:00:05]} Nxd5 {[%clk 00:00:34]} {[%emt 00:00:02]} 39. fxe5
{[%clk 00:00:07]} Re7 {[%clk 00:00:32]} {[%emt 00:00:04]} 40. Re2 {[%clk
00:00:05]} {[%emt 00:00:03]} Nc3 {[%clk 00:00:25]} {[%emt 00:00:09]} 41. Re3
{[%clk 00:00:03]} {[%emt 00:00:03]} Ne4 {[%clk 00:00:16]} {[%emt 00:00:12]} 42.
Kf4 {[%clk 00:00:05]} Nc5 {[%clk 00:00:07]} {[%emt 00:00:11]} 43. Kxf5 {[%clk
00:00:04]} {[%emt 00:00:02]} Nxa4 {[%clk 00:00:07]} {[%emt 00:00:02]} 44. Re4
{[%clk 00:00:05]} {[%emt 00:00:01]} Nc5 {[%clk 00:00:06]} {[%emt 00:00:04]} 45.
Rg4+ {[%clk 00:00:06]} Kf8 {[%clk 00:00:06]} {[%emt 00:00:02]} 46. Rh4 {[%clk
00:00:06]} {[%emt 00:00:02]} Kg8 {[%clk 00:00:06]} {[%emt 00:00:02]} 47. Rg4+
{[%clk 00:00:07]} {[%emt 00:00:01]} Kh8 {[%clk 00:00:05]} {[%emt 00:00:04]} 48.
Kf6 {[%clk 00:00:07]} {[%emt 00:00:01]} Rd7 {[%clk 00:00:05]} {[%emt 00:00:02]}
49. Rf4 {[%clk 00:00:03]} {[%emt 00:00:05]} Nd3 {[%clk 00:00:05]} {[%emt
00:00:03]} 50. Rg4 {[%clk 00:00:03]} a5 {[%clk 00:00:05]} {[%emt 00:00:03]} 51.
Rc4 {[%clk 00:00:04]} Nc5 {[%clk 00:00:04]} {[%emt 00:00:02]} 52. Rg4 {[%clk
00:00:05]} a4 {[%clk 00:00:05]} {[%emt 00:00:02]} 53. Rb4 {[%clk 00:00:05]} a3
{[%clk 00:00:06]} {[%emt 00:00:01]} 54. Rxb6 {[%clk 00:00:06]} {[%emt
00:00:01]} Rd8 {[%clk 00:00:05]} {[%emt 00:00:04]} 55. Rb5 {[%clk 00:00:05]}
{[%emt 00:00:03]} a2 {[%clk 00:00:04]} {[%emt 00:00:02]} 56. Ra5 {[%clk
00:00:06]} {[%emt 00:00:02]} Ne4+ {[%clk 00:00:04]} {[%emt 00:00:02]} 57. Kxf7
{[%clk 00:00:07]} {[%emt 00:00:01]} Nc3 {[%clk 00:00:05]} {[%emt 00:00:01]} 58.
e6 {[%clk 00:00:07]} {[%emt 00:00:02]} Rc8 {[%clk 00:00:04]} {[%emt 00:00:03]}
59. e7 {[%clk 00:00:07]} {[%emt 00:00:02]} Rb8 {[%clk 00:00:03]} {[%emt
00:00:03]} 60. e8=Q+ {[%emt 00:00:02]} Rxe8 {[%clk 00:00:04]} 1-0

[Event "World Youth & Cadets Blitz Championships"]
[Site "Rhodes, Greece"]
[Date "2022.05.03"]
[Round "8.22"]
[White "Platonovs, Nikolajs"]
[Black "Hanache, Kai"]
[Result "0-1"]
[TimeControl "5'/game & 2\"/move"]
[WhiteElo "1322"]
[BlackElo "1644"]

1. e4 {[%clk 00:05:03]} e5 {[%emt 00:00:02]} 2. Nf3 {[%clk 00:05:03]} Nc6
{[%clk 00:05:05]} 3. Bb5 {[%clk 00:05:04]} Nf6 {[%clk 00:05:05]} {[%emt
00:00:02]} 4. Qe2 {[%clk 00:05:05]} {[%emt 00:00:01]} a6 {[%clk 00:04:55]}
{[%emt 00:00:12]} 5. Ba4 {[%clk 00:05:06]} b5 {[%clk 00:04:56]} 6. Bb3 {[%clk
00:05:08]} Bb7 {[%clk 00:04:57]} 7. O-O {[%clk 00:04:58]} {[%emt 00:00:11]} Bc5
{[%clk 00:04:57]} {[%emt 00:00:02]} 8. a4 {[%clk 00:04:50]} {[%emt 00:00:11]}
O-O {[%clk 00:04:50]} {[%emt 00:00:10]} 9. c3 {[%clk 00:04:26]} {[%emt
00:00:25]} Re8 {[%clk 00:04:45]} {[%emt 00:00:07]} 10. Re1 {[%clk 00:04:12]}
{[%emt 00:00:16]} d6 {[%clk 00:04:27]} {[%emt 00:00:20]} 11. d3 {[%emt
00:00:18]} h6 {[%clk 00:04:26]} {[%emt 00:00:02]} 12. Nbd2 {[%clk 00:03:52]}
{[%emt 00:00:07]} d5 {[%clk 00:04:18]} {[%emt 00:00:10]} 13. exd5 {[%clk
00:03:47]} {[%emt 00:00:07]} Nxd5 {[%clk 00:04:18]} {[%emt 00:00:02]} 14. Ne4
{[%clk 00:03:46]} {[%emt 00:00:03]} Bb6 {[%clk 00:04:11]} {[%emt 00:00:09]} 15.
axb5 {[%clk 00:03:40]} {[%emt 00:00:07]} axb5 {[%clk 00:04:12]} {[%emt
00:00:02]} 16. Rxa8 {[%clk 00:03:40]} {[%emt 00:00:01]} Bxa8 {[%clk 00:04:11]}
{[%emt 00:00:04]} 17. Ng3 {[%clk 00:03:15]} {[%emt 00:00:27]} Qd6 {[%clk
00:03:57]} {[%emt 00:00:16]} 18. Ne4 {[%clk 00:02:57]} {[%emt 00:00:21]} Qd7
{[%clk 00:03:49]} {[%emt 00:00:09]} 19. Bxd5 {[%clk 00:02:51]} {[%emt
00:00:08]} Qxd5 {[%clk 00:03:47]} {[%emt 00:00:03]} 20. Bxh6 {[%clk 00:02:51]}
{[%emt 00:00:02]} f5 {[%clk 00:03:45]} {[%emt 00:00:05]} 21. Ng3 {[%clk
00:02:21]} {[%emt 00:00:32]} gxh6 {[%clk 00:03:34]} {[%emt 00:00:12]} 22. Nxf5
{[%clk 00:02:21]} {[%emt 00:00:02]} Qe6 {[%clk 00:03:21]} {[%emt 00:00:16]} 23.
N3h4 {[%clk 00:02:19]} {[%emt 00:00:05]} Qf6 {[%clk 00:03:13]} {[%emt
00:00:10]} 24. Qg4+ {[%clk 00:02:13]} {[%emt 00:00:07]} Kf7 {[%clk 00:02:59]}
{[%emt 00:00:16]} 25. Qh5+ {[%clk 00:02:09]} {[%emt 00:00:06]} Ke6 {[%clk
00:02:56]} {[%emt 00:00:05]} 26. Qxe8+ {[%clk 00:02:09]} {[%emt 00:00:02]} Ne7
{[%clk 00:02:52]} {[%emt 00:00:07]} 27. Nxe7 {[%clk 00:02:00]} {[%emt
00:00:10]} Qxf2+ {[%clk 00:02:51]} {[%emt 00:00:03]} 0-1